00783nam a2200181 a 4500003000200000005001700002008004100019050003100060100002200091245013100113260009200244300004000336504004100376650004100417650004900458650004300507650005100550020250331140402.0050809s19uu xx 00 eng d aPGS GV 944.P6b.Al323 2005 aAlasco, Marc Dan. aThe perception of Lower School students of SISC in promoting soccer as a national sport of the Philippines /cMarc Dan Alasco. aLas Piñas City, Philippines : bSouthville International School and Colleges,c2005. a27 pages :billustrations ;c28 cm. aIncludes bibliographical references. aSoccerzPhilippinesvPublic opinion. a Sports and national identityzPhilippines  aSoccer promotionvPerception of youth. aSoccer as a national sportvPublic perception.